UBT Library

An introduction to physical science / (Record no. 42703)

000 -LEADER
fixed length control field 00707cam a2200253 a 4500
001 - CONTROL NUMBER
control field 16939075
005 - DATE AND TIME OF LATEST TRANSACTION
control field 20180215092156.0
008 - FIXED-LENGTH DATA ELEMENTS--GENERAL INFORMATION
fixed length control field 110829s2013 maua 001 0 eng
010 ## - LIBRARY OF CONGRESS CONTROL NUMBER
LC control number 2011937665
020 ## - INTERNATIONAL STANDARD BOOK NUMBER
International Standard Book Number 9781133104094
020 ## - INTERNATIONAL STANDARD BOOK NUMBER
International Standard Book Number 1133104096
040 ## - CATALOGING SOURCE
Original cataloging agency DLC
Transcribing agency DLC
Modifying agency DLC
041 ## - LANGUAGE CODE
Language code of text/sound track or separate title eng
042 ## - AUTHENTICATION CODE
Authentication code pcc
080 ## - UNIVERSAL DECIMAL CLASSIFICATION NUMBER
Universal Decimal Classification number 500.2 SHIP
082 00 - DEWEY DECIMAL CLASSIFICATION NUMBER
Classification number 500.2 SHIP
Edition number 23
100 1# - Rafti
Rafti 8
101 ## - Shkurtesa
Shkurtesa FIZ
245 13 - TITLE STATEMENT
Title An introduction to physical science /
Statement of responsibility, etc James T. Shipman, Jerry D. Wilson, Charles A. Higgins, Jr.
906 ## - LOCAL DATA ELEMENT F, LDF (RLIN)
a 7
b cbc
c origcop
d 3
e epcn
f 20
g y-gencatlg
942 ## - ADDED ENTRY ELEMENTS (KOHA)
Source of classification or shelving scheme
Item type Books
Holdings
Withdrawn status Lost status Source of classification or shelving scheme Damaged status Not for loan Collection code Permanent location Current location Shelving location Date acquired Total Checkouts Full call number Barcode Date last seen Price effective from Koha item type
          Koleksioni i përgjithshem UBT - Lipjan UBT - Lipjan Koleksioni i përgjithshem 02/15/2018   500.2 SHIP 002-2998764 02/15/2018 02/15/2018 Books
UBT Library © 2015-2024. All rights reserved University Education for Business and Technology